2025 Grid Formula 1 - Statistics

General Stats
  • This quiz has been taken 40 times
  • The average score is 18 of 20
Answer Stats
Hint Number Nationality Answer % Correct
Ferrari 44 British Lewis Hamilton
100%
Red Bull 1 Dutch Max Verstappen
100%
Mclaren 81 Australian Oscar Piastri
100%
Ferrari 16 Monegasque Charles Leclerc
97%
Aston Martin 14 Spanish Fernando Alonso
97%
Mercedes 63 British George Russell
97%
Mclaren 4 British Lando Norris
97%
Mercedes 12 Italian Andrea Kimi Antonelli
94%
Aston Martin 18 Canadian Lance Stroll
94%
Red bull 22 Japanese Yuki Tsunoda
94%
Haas 31 French Esteban Ocon
90%
Alpine 10 French Pierre Gasly
90%
Racing Bull 6 French Isaac Hadjar
87%
Sauber 27 German Nico Hulkenberg
87%
Williams 55 Spanish Carlos Sainz
84%
Alpine 43 Argentinian Franco Colapinto
84%
Williams 23 Thai Alexander Albon
81%
Sauber 5 Brazilian Gabriel Bortoleto
81%
Racing Bull 30 New Zelander Liam Lawson
81%
Haas 87 British Oliver Bearman
81%
No matching quizzes found
Score Distribution
Percent of People with Each Score
Percentile by Number Answered
Your Score History
You have not taken this quiz